000
00303nam a22001337a 4500
008
181022b xxu||||| |||| 00| 0 eng d
020
_a
027778006959
041
_a
eng
080
_a
371
100
_a
46
101
_a
EDU
245
_a
Thirty Days to More Powerful Writing
_c
Price, J
942
_2
udc
_c
BK
999
_c
50553
_d
50553